| 000 -LEADER |
| fixed length control field |
00798nam a22002537a 4500 |
| 005 - DATE AND TIME OF LATEST TRANSACTION |
| control field |
20230111084118.0 |
| 008 - FIXED-LENGTH DATA ELEMENTS--GENERAL INFORMATION |
| fixed length control field |
230111b ||||| |||| 00| 0 eng d |
| 020 ## - INTERNATIONAL STANDARD BOOK NUMBER |
| International Standard Book Number |
9789673851713 |
| 020 ## - INTERNATIONAL STANDARD BOOK NUMBER |
| International Standard Book Number |
9555276302392 |
| 040 ## - CATALOGING SOURCE |
| Transcribing agency |
KH8 |
| 082 ## - DEWEY DECIMAL CLASSIFICATION NUMBER |
| Classification number |
FIC SLA |
| 100 ## - MAIN ENTRY--PERSONAL NAME |
| Personal name |
Slaium |
| Relator term |
author |
| 245 ## - TITLE STATEMENT |
| Title |
Fish of fury : |
| Remainder of title |
shark vs swordfish/ |
| Statement of responsibility, etc. |
Slaium, Meng, Black Ink Team |
| 260 ## - PUBLICATION, DISTRIBUTION, ETC. |
| Place of publication, distribution, etc. |
Kuala Lumpur: |
| Name of publisher, distributor, etc. |
Gala Unggul Resources, |
| Date of publication, distribution, etc. |
2013. |
| 300 ## - PHYSICAL DESCRIPTION |
| Extent |
158 pages : |
| Other physical details |
color illustrations ; |
| Dimensions |
20 cm. |
| 440 ## - SERIES STATEMENT/ADDED ENTRY--TITLE |
| Title |
X-venture xplorers |
| 440 ## - SERIES STATEMENT/ADDED ENTRY--TITLE |
| Title |
primal power series; |
| Number of part/section of a work |
E3 |
| 500 ## - GENERAL NOTE |
| General note |
An educational exploration of the animal kingdom! |
| 650 ## - SUBJECT ADDED ENTRY--TOPICAL TERM |
| Topical term or geographic name entry element |
Comics (Graphic works) |
| 650 ## - SUBJECT ADDED ENTRY--TOPICAL TERM |
| Topical term or geographic name entry element |
Adventure and adventurers |
| 700 ## - ADDED ENTRY--PERSONAL NAME |
| Personal name |
Meng |
| Relator term |
author |
| 700 ## - ADDED ENTRY--PERSONAL NAME |
| Personal name |
Black Ink Team |
| Relator term |
illustrator |
| 942 ## - ADDED ENTRY ELEMENTS (KOHA) |
| Source of classification or shelving scheme |
|
| Koha item type |
Graphic Novel |